| 000 | 00449nam a2200205Ia 4500 | ||
|---|---|---|---|
| 005 | 20251020182541.0 | ||
| 008 | 200515s9999 xx 000 0 und d | ||
| 082 | _a741:51/E24 | ||
| 110 | _aCeac | ||
| 245 | 0 | _aMatemáticas practicas para el delineante | |
| 250 | _a3a ed. | ||
| 260 | _aBarcelona | ||
| 260 | _c1978 | ||
| 300 | _a342 | ||
| 500 | _a1 ejemplar | ||
| 650 | _aDIBUJO | ||
| 650 | _aLIB | ||
| 650 | _aMATEMATICAS | ||
| 942 | _cLIB | ||
| 999 |
_c2417 _d2417 |
||